UBT Library

Violence against children in the family and the community / (Record no. 42531)

000 -LEADER
fixed length control field 00778cam a2200241 a 4500
001 - CONTROL NUMBER
control field 3073414
005 - DATE AND TIME OF LATEST TRANSACTION
control field 20180214084916.0
008 - FIXED-LENGTH DATA ELEMENTS--GENERAL INFORMATION
fixed length control field 971121s1998 dcu b 001 0 eng
010 ## - LIBRARY OF CONGRESS CONTROL NUMBER
LC control number 97048347
020 ## - INTERNATIONAL STANDARD BOOK NUMBER
International Standard Book Number 1557984808
040 ## - CATALOGING SOURCE
Original cataloging agency DLC
Transcribing agency DLC
Modifying agency DLC
041 ## - LANGUAGE CODE
Language code of text/sound track or separate title eng
043 ## - GEOGRAPHIC AREA CODE
Geographic area code n-us---
080 ## - UNIVERSAL DECIMAL CLASSIFICATION NUMBER
Universal Decimal Classification number 362.76 TRI
082 00 - DEWEY DECIMAL CLASSIFICATION NUMBER
Classification number 362.76 TRI
Edition number 21
100 ## - Rafti
Rafti 22
101 ## - Shkurtesa
Shkurtesa POL
245 00 - TITLE STATEMENT
Title Violence against children in the family and the community /
Statement of responsibility, etc edited by Penelope K. Trickett, Cynthia J. Schellenbach.
504 ## - BIBLIOGRAPHY, ETC. NOTE
Bibliography, etc Includes bibliographical references and index.
906 ## - LOCAL DATA ELEMENT F, LDF (RLIN)
a 7
b cbc
c orignew
d 1
e ocip
f 19
g y-gencatlg
942 ## - ADDED ENTRY ELEMENTS (KOHA)
Source of classification or shelving scheme
Item type Books
Holdings
Withdrawn status Lost status Source of classification or shelving scheme Damaged status Not for loan Collection code Permanent location Current location Shelving location Date acquired Total Checkouts Full call number Barcode Date last seen Price effective from Koha item type
          Koleksioni i përgjithshem UBT - Lipjan UBT - Lipjan Koleksioni i përgjithshem 02/14/2018   362.76 TRI 002-2997266 02/14/2018 02/14/2018 Books
UBT Library © 2015-2024. All rights reserved University Education for Business and Technology